000 00657nam a22001817a 4500
003 BUBTL
008 210929b ||||| |||| 00| 0 eng d
020 _a9789849097044
082 _a954.92 / Ab33e /2018
100 _94225
_aআবেদীন, মো: জয়নাল
245 _aএকাত্তরের বধ্যভূমি /
_c মোঃ জয়নাল আবেদীন
260 _aঢাকা :
_bপালক পাবলিশার্স,
_cc2011
300 _a200 p. :
_c23 cm.
650 0 _93574
_aবঙ্গবন্ধু
856 _k0
_l0
_yDownload
942 _2ddc
_cBK
999 _c6546
_d6546